| 000 | 00828nam a2200229 i 4500 | ||
|---|---|---|---|
| 001 | 57885 | ||
| 003 | ES-MaACL | ||
| 005 | 20251218175638.0 | ||
| 007 | t| | ||
| 008 | 031020s1981 sp ||||1| spa d | ||
| 245 | 0 | 0 |
_aSobre la violencia / _ceditor, Alberto Dou ; ponentes, José Mª Basabe Prado ... [et al.]. |
| 260 |
_a[Bilbao] : _bMensajero, _c[1981] |
||
| 300 |
_a277 p. ; _c22 cm. |
||
| 490 | 1 |
_aBiblioteca Fomento Social ; _v28 |
|
| 594 | _aActas de la VII Reunión Interdisciplinar organizada por un grupo de Jesuitas españoles... 1980. | ||
| 650 | 0 | 0 |
_aViolencia- _vCongresos y asambleas. _9171612 |
| 700 | 1 |
_aDou, Alberto. _945470 |
|
| 700 | 1 |
_aBasabe Prado, José María de, _d1914-1985 _9171613 |
|
| 830 | 1 |
_aBiblioteca Fomento Social ; _v28 _9181200 |
|
| 852 |
_aES-MaACL _jL-937 |
||
| 999 |
_c57885 _d57885 |
||